|
|
|
|
| LEADER |
00877nam a22002531a 4500 |
| 001 |
000034874 |
| 003 |
11094 |
| 005 |
20151027134512.0 |
| 008 |
151027s2005 000 eng |
| 020 |
|
|
|a 0073132829
|
| 041 |
|
|
|a eng
|
| 082 |
|
|
|a 420.028
|b LE-L
|
| 100 |
|
|
|a Lee, Linda
|
| 245 |
|
|
|a All Star 2. Student Book with audio highlights
|c Linda Lee
|
| 260 |
|
|
|a McGraw - HillCompanies, Inc
|c 2005
|
| 650 |
|
|
|a Linda Lee, All Star 2. Student, 2005, Exercise, CD, CD2
|
| OWN |
|
|
|a LNN
|
| AVA |
|
|
|a UDN50
|b LNN
|d 420.028 LE-L
|e available
|t Error 5001 Not defined in file expand_doc_bib_avail.
|f 1
|g 0
|h N
|i 0
|k 1
|
| 999 |
|
|
|a From the UDN01
|
| AVA |
|
|
|a UDN50
|b LNN
|d 420.028 LE-L
|e available
|t Error 5001 Not defined in file expand_doc_bib_avail.
|f 1
|g 0
|h N
|i 0
|k 1
|
| TYP |
|
|
|a Monograph
|
| 980 |
|
|
|a Mạng thư viện Đại học Đà Nẵng
|